Writing a report : A practical guide

Bibliographic Details
Main Author: FLETCHER
Format: Book
Published: Petaling Jaya, Selangor : Pelanduk Pub. , 1989
Subjects:

MARC

LEADER 00000cam a2200000 7i4500
001 0000000746
005 20000928.0
020 0 0 |a 9679782395 
090 0 0 |a 808.066651   |b FLE 1989 
100 1 0 |a FLETCHER   |h John 
245 1 0 |a Writing a report :   |b A practical guide   |c John Fletcher 
260 0 0 |a Petaling Jaya, Selangor :   |b Pelanduk Pub. ,   |c 1989 
300 |a viii, 68 p. :   |b ill. ;   |c 22 cm. 
500 0 0 |a Bibliography: [p. 66] and index 
650 0 0 |a Business report writing 
650 0 0 |a Report writing 
999 |a 0000000152   |b Monograph   |c Open Shelf   |e Default branch